Stimulačná investičná politika v trhových ekonomikách.
Ciele investičnej stimulácie. Stimulačné opatrenia v trhových ekonomikách. Daňové opatrenia, finančné a nefinančné opatrenia. Nové formy nefinančných opatrení (vedecké parky a podnikateľské zóny). Zmeny v stratégií jednotlivých krajín v oblasti investičnej stimulácie.
Salvato in:
| Autore principale: | |
|---|---|
| Natura: | Capitolo di libro |
| Lingua: | slovacco |
| Soggetti: | |
| Tags: |
Nessun Tag, puoi essere il primo ad aggiungerne!!
|
MARC
| LEADER | 00000naa a2200000 4500 | ||
|---|---|---|---|
| 001 | r008267 | ||
| 005 | 20220831090100.2 | ||
| 041 | 0 | |a slo | |
| 044 | |a [CS] | ||
| 245 | 1 | 0 | |a Stimulačná investičná politika v trhových ekonomikách. |c A. Hošková |
| 520 | |a Ciele investičnej stimulácie. Stimulačné opatrenia v trhových ekonomikách. Daňové opatrenia, finančné a nefinančné opatrenia. Nové formy nefinančných opatrení (vedecké parky a podnikateľské zóny). Zmeny v stratégií jednotlivých krajín v oblasti investičnej stimulácie. | ||
| 610 | 2 | 0 | |a investície |
| 610 | 2 | 0 | |a stimulovanie |
| 610 | 2 | 0 | |a hospodárstvo trhové |
| 610 | 2 | 0 | |a politika investičná |
| 610 | 2 | 0 | |a priemysel |
| 610 | 2 | 0 | |a inovácia |
| 610 | 2 | 0 | |a služby |
| 610 | 2 | 0 | |a západná Európa |
| 610 | 2 | 0 | |a politika regionálna |
| 100 | 1 | |a Hošková, A. | |